[Event "GER-ch U25-B"]
[Site "Willingen"]
[Date "2018.05.23"]
[Round "5"]
[White "Pauls, Fynn"]
[Black "Knerr, Sebastian"]
[Result "1-0"]
[WhiteElo "1813"]
[BlackElo "1742"]
[PlyCount "112"]
[EventDate "2018.05.19"]
[EventType "swiss"]
[EventRounds "9"]
[EventCountry "GER"]
[SourceTitle "CBM 184 Extra"]
[Source "ChessBase"]
[SourceDate "2018.06.28"]
[SourceVersion "1"]
[SourceVersionDate "2018.06.28"]
[SourceQuality "1"]

1. Nf3 d5 2. g3 Nf6 3. Bg2 e6 4. 0-0 Nbd7 5. c4 Be7 6. Nc3 0-0 7. cxd5 exd5 8. d4 c6 9. Bf4 Re8 10. Rc1 Nf8 11. Qc2 Ng6 12. Bd2 Bd6 13. Bg5 Be7 14. Rfd1 Ne4 15. Bxe7 Qxe7 16. Nxe4 Qxe4 17. Qxe4 Rxe4 18. Rd2 Re7 19. b4 Bd7 20. Ne1 Bf5 21. b5 cxb5 22. Bxd5 Rd8 23. Bg2 Ne5 24. Rb2 Nc6 25. d5 Nb8 26. Rxb5 Rxe2 27. Rxb7 Rxa2 28. Nf3 Nd7 29. Nd4 Nc5 30. Rc7 Nd3 31. Nxf5 Nxc1 32. Rxc1 g6 33. Ne7+ Kf8 34. Nc6 Re8 35. Bf3 Rd2 36. Nxa7 Ke7 37. Nc8+ Kf6 38. d6 Rd8 39. Rc7 Ke6 40. Re7+ Kf6 41. Rc7 Ke6 42. Bc6 R2xd6 43. Nxd6 Kxd6 44. Rxf7 Kxc6 45. Rxh7 Rg8 46. Kg2 Kd5 47. Kh3 Ke4 48. Kg4 Rf8 49. Re7+ Kd5 50. f4 Rf6 51. Kg5 Rb6 52. Rg7 Rb2 53. h4 Rb3 54. g4 Ke4 55. Rxg6 Rb5+ 56. f5 Kf3 1-0

[Event "GER-ch U12"]
[Site "Willingen"]
[Date "2016.05.15"]
[Round "1"]
[White "Pauls, Fynn"]
[Black "Trifan, Andrei Ioan"]
[Result "0-1"]
[WhiteElo "1651"]
[BlackElo "2037"]
[PlyCount "108"]
[EventDate "2016.05.15"]
[EventType "swiss"]
[EventRounds "11"]
[EventCountry "GER"]
[SourceTitle "CBM 172 Extra"]
[Source "ChessBase"]
[SourceDate "2016.06.21"]
[SourceVersion "1"]
[SourceVersionDate "2016.06.21"]
[SourceQuality "1"]

1. Nf3 Nf6 2. d4 d5 3. c4 e6 4. Nc3 c5 5. cxd5 Nxd5 6. g3 Nc6 7. Bg2 Be7 8. 0-0 0-0 9. dxc5 Bxc5 10. Nxd5 exd5 11. Bg5 f6 12. Bd2 d4 13. Qb3+ Kh8 14. e3 d3 15. Rac1 Qd6 16. Qb5 Bb6 17. Rfd1 Be6 18. b3 Rfd8 19. h3 Rac8 20. Nh4 Qe5 21. Bxc6 Rxc6 22. Qxe5 fxe5 23. Rxc6 bxc6 24. Nf3 e4 25. Ng5 Bd5 26. h4 a5 27. Rc1 Ra8 28. Rb1 Bc5 29. Kf1 Bb4 30. Ke1 c5 31. Nh3 a4 32. Bxb4 cxb4 33. Nf4 Bb7 34. bxa4 Rxa4 35. a3 g5 36. Ne6 Bd5 37. Nc5 Rxa3 38. Rxb4 Ra1+ 39. Kd2 Ra2+ 40. Ke1 Re2+ 41. Kf1 Rc2 42. Na4 Rc1+ 43. Kg2 d2 44. Nb2 Bc4 45. hxg5 Bd3 46. Kh3 Rb1 47. Rb8+ Kg7 48. Rb7+ Kf8 49. Rb8+ Kf7 50. Rb7+ Ke6 51. Rb6+ Kd5 52. f3 Rxb2 53. fxe4+ Kxe4 54. Re6+ Kf3 0-1

[Event "GER-ch U10"]
[Site "Magdeburg"]
[Date "2014.06.10"]
[Round "5"]
[White "Pauls, Fynn"]
[Black "Bui, Bao Anh Le"]
[Result "1/2-1/2"]
[WhiteElo "1382"]
[BlackElo "1488"]
[PlyCount "53"]
[EventDate "2014.06.08"]
[EventType "swiss"]
[EventRounds "11"]
[EventCountry "GER"]
[SourceTitle "CBM 160 Extra"]
[Source "ChessBase"]
[SourceDate "2014.07.01"]
[SourceVersion "1"]
[SourceVersionDate "2014.07.01"]
[SourceQuality "1"]

1. d4 Nf6 2. c4 e6 3. Nc3 Bb4 4. Bg5 Be7 5. e3 b6 6. Nf3 Bb7 7. Be2 0-0 8. 0-0 Ne4 9. Bxe7 Qxe7 10. Nxe4 Bxe4 11. Bd3 Bb7 12. Nd2 c5 13. Be4 Bxe4 14. Nxe4 cxd4 15. Qxd4 Nc6 16. Qd6 Qxd6 17. Nxd6 Ne7 18. Rfd1 f5 19. Nb5 Rfd8 20. Rd2 a6 21. Nc3 Rac8 22. Rad1 Rc7 23. Rd6 Nc8 24. Rxe6 Rxc4 25. Re5 g6 26. Red5 d6 27. R5d4 1/2-1/2